Didaktika vysoké školy a teorie učitelského vzdělávání jako zdroj jejího rozvoje
Pohľad na vývoj a súčasnosť vysokoškolskej didaktiky. Teória, prax a podnety pre rozvoj pedagogiky a vysokoškolskej didaktiky v učiteľskom vzdelávaní. Zvyšovanie kvality vzdelávania na vysokých školách.
Salvato in:
| Autore principale: | |
|---|---|
| Natura: | Capitolo di libro |
| Lingua: | ceco |
| Soggetti: | |
| Tags: |
Nessun Tag, puoi essere il primo ad aggiungerne!!
|
MARC
| LEADER | 00000naa a2200000 4500 | ||
|---|---|---|---|
| 001 | 0208169 | ||
| 005 | 20230919102011.9 | ||
| 041 | 0 | |a cze | |
| 044 | |a CZ | ||
| 245 | 1 | 0 | |a Didaktika vysoké školy a teorie učitelského vzdělávání jako zdroj jejího rozvoje |c Hana Kasíková |
| 520 | |a Pohľad na vývoj a súčasnosť vysokoškolskej didaktiky. Teória, prax a podnety pre rozvoj pedagogiky a vysokoškolskej didaktiky v učiteľskom vzdelávaní. Zvyšovanie kvality vzdelávania na vysokých školách. | ||
| 610 | 2 | 0 | |a školy vysoké |
| 610 | 2 | 0 | |a programy študijné |
| 610 | 2 | 0 | |a výučba vedecká |
| 610 | 2 | 0 | |a pedagogika |
| 610 | 2 | 0 | |a didaktika |
| 610 | 2 | 0 | |a učitelia |
| 610 | 2 | 0 | |a kvalita vzdelávania |
| 100 | 1 | |a Kasíková, Hana | |